000 00559nam a2200193Ia 4500
005 20260114185628.0
008 008 260114s9999 xx 000 0 eng d
020 _a9781350048133
037 _aEBOOK
040 _aCRL
_beng
_cCRL
041 _aeng
_2eng
084 _qCRL
100 _aJanet H. Tulloch
_9872426
245 2 _aA Cultural History of Women in Antiquity
260 _bBloomsbury
_c2016
856 _uhttps://doi.org/10.5040/9781350048133?locatt=label:secondary_bloomsburyCollections
942 _cEBOOK
999 _c1471374
_d1471374